Analýza problematiky návrhu vybranej časti nárazníku vozidla z hľadiska konštrukcie a technológie výroby

Saved in:
Bibliographic Details
Main Author: Polák, Lukáš (Author)
Other Authors: Milesich, Tomáš (Thesis advisor)
Format: Manuscript Book
Language:Slovak
Published: 2021
Subjects:
Online Access:http://is.stuba.sk/zp/portal_zp.pl?podrobnosti=150879
Tags: Add Tag
No Tags, Be the first to tag this record!

MARC

LEADER 00000ntm a22000003a 4500
001 stuzp85814
003 SK-STU
005 20210717210700.4
007 ta
008 150427s2015----xo-----f-mn---000-0-slo-d
040 |a STU  |b slo 
041 0 |a slo 
100 1 |a Polák, Lukáš  |u 020030  |4 aut  |U SjF Strojnícka fakulta  |T SjF Ústav dopravnej techniky a konštruovania  |X 98788  |U J0030  |Y 806  |7 98788 
242 0 1 |a Analysis of the design issues of a selected part of the vehicle bumper in terms of construction and production technology  |y eng 
245 1 0 |a Analýza problematiky návrhu vybranej časti nárazníku vozidla z hľadiska konštrukcie a technológie výroby 
260 |c 2021 
650 4 |a krytka ťažného oka  |2 slo 
650 4 |a bumper  |2 slo 
650 4 |a vstrekovanie plastov  |2 slo 
650 4 |a towing eye cover  |2 eng 
650 4 |a bumper  |2 eng 
650 4 |a plastic injection molding  |2 eng 
700 1 |a Milesich, Tomáš  |u 020030  |k Z2  |4 ths  |U SjF Strojnícka fakulta  |T SjF Ústav dopravnej techniky a konštruovania  |X 49630  |U J0030  |Y 806  |7 A000049630 
856 4 |u http://is.stuba.sk/zp/portal_zp.pl?podrobnosti=150879 
996 |b 284J046595  |c J* 3275/DBP  |l JJSK  |s A  |a 24  |w stuzp85814_0001